| 000 | 00700cam a2200241 4500 | ||
|---|---|---|---|
| 001 | 4561488 | ||
| 003 | GBCCL | ||
| 005 | 20241126110431.0 | ||
| 008 | 731009s1973 txua 000 0 eng | ||
| 010 | _a 73083082 | ||
| 040 |
_aDLC _cDLC _dDLC |
||
| 050 | 0 | 0 |
_aBT96.2 _b.G64 1973 |
| 082 | 0 | 0 |
_a231.5 _bGOO |
| 100 | 1 |
_aGoodwin, Abb L. _95250 |
|
| 245 | 1 | 0 |
_aGod's eternal purpose revealed, _cby Abb L. Goodwin. |
| 250 | _aRev. ed. | ||
| 260 |
_aDallas, _bCrescendo Book Publications _c[1973] |
||
| 300 |
_a261 p. _billus. _c23 cm. |
||
| 350 | _a$5.95 | ||
| 650 | 0 |
_aProvidence and government of God _xChristianity. _92430 |
|
| 906 |
_a7 _bcbc _corignew _d2 _eopcn _f19 _gy-gencatlg |
||
| 942 |
_2ddc _cBK _02 |
||
| 999 |
_c2520 _d2520 |
||